00234 a2200109 4500001000700000020000600007040001100013100002600024240003500050245003000085362000900115177771 a  cMagnum aCoelho,ronaldo Simoes10aHistorias de muitas penaslSEM10aHistorias de muitas penas0 a1899